000 02838nam a2200373 i 4500
001 10477923
003 CaAEU
005 20250625143215.0
006 m o d
007 cr cnu|||unuuu
008 240528s2024 sz a o 001 0 eng d
020 _a9783031531675
024 7 _a10.1007/978-3-031-53168-2
_2doi
035 _aon1435875773
039 _aexclude
040 _aGW5XE
_beng
_erda
_epn
_cGW5XE
_dOCLCO
_dAEU
041 _aeng
050 4 _aPE1478
_b.W34 2013
100 _aWallwork, Adrian
_eauthor
_925063
245 1 0 _aEnglish for academic research
_p: grammar exercises
_c/ Adrian Wallwork.
246 3 0 _aGrammar exercises
250 _aSecond edition.
260 _aCham, Switzerland :
_bSpringer,
_c2024.
300 _a236 pages :
_c23 cm.
490 _aEnglish for academic research,
_x2625-3453
500 _aIncludes index.
520 _aThis book is based on a study of referees' reports and letters from journal editors on reasons why papers written by non-native researchers are rejected due to problems with English grammar. The exercises include the following areas: active vs passive, use of we articles (a/an, the, zero) and quant1ifiers (some, any, few etc.) conditionals and modals countable and uncountable nouns genitive infinitive vs -ing form numbers, acronyms, abbreviations relative clauses and which vs that tenses (e.g. simple present, simple past, present perfect) word order This new edition includes exercises on using Large Language Models for generating and correcting emails, plus a separate chapter on using automatic translation. English for Academic Research: Grammar Exercises is designed for self-study and there is a key to all exercises. Most exercises require no actual writing but simply choosing between various options, thus facilitating e-reading and rapid progress. The exercises can also be integrated into English for Academic Purposes (EAP) and English for Special Purposes (ESP) courses at universities and research institutes. The book can be used in conjunction with the other exercise books in the series and is cross-referenced to: English for Research: Usage, Style, and Grammar English for Writing Research Papers English for Academic Correspondence and Socializing Adrian Wallwork edits scientific papers and teaches English for Academic Purposes (EAP) to PhD students. In addition to his many books for Springer, he has written course books for Oxford University Press and discussion books for Cambridge University Press.
650 0 _aEnglish language
_xGrammar
_vProblems, exercises, etc.
_925214
650 0 _aLanguage and languages
_911810
650 0 _aGrammar, Comparative and general
_925064
650 0 _aAcademic writing
_vProblems, exercises, etc.
_925212
650 0 _aEnglish language
_vTextbooks for foreign speakers
_96478
942 _2lcc
999 _c4598
_d4598